| 000 | 00503nam a22001817a 4500 | ||
|---|---|---|---|
| 005 | 20260415103702.0 | ||
| 008 | 260415b |||||||| |||| 00| 0 eng d | ||
| 020 | _a978-93-91818-24-1 | ||
| 050 | _aQC 861 .C43 2024 | ||
| 100 | _aCHANDRASEKAR, A. | ||
| 245 | _aBASICS OF ATMOSPHERIC SCIENCE | ||
| 250 | _a2ND | ||
| 260 |
_aDELHI _bPHI LEARNING PRIVATE LIMITED _c2024 |
||
| 300 | _aILL, XX 472P | ||
| 500 | _aINCLUDES INDEX | ||
| 650 | _a1. ATMOSPHERIC SCIENCE 2. METEOROLOGY | ||
| 942 |
_2lcc _cBK |
||
| 999 |
_c216964 _d216964 |
||